Culture Générale - Série 27 - Statistiques

Statistiques générales
  • Ce quiz a été pris 2 644 fois
  • Le résultat moyen est 5 sur 10
Statistiques - réponses
Question Réponse % Correct
Quelle nom porte l'échelle qui mesure la magnitude des séismes ? Richter
91%
Quel pays a organisé l’Euro 2016 de football ? France
85%
Qui a écrit la pièce de théâtre "Don Juan" ? Molière
69%
Comment appelle-t-on aussi le ministre de la Justice ? Garde des Sceaux
66%
Quelle ville française a été désignée pour être capitale européenne de la Culture en 2013 ? Marseille
57%
Le forum des Etats les plus puissants de la planète s’appelle ? G20
49%
Quelle est la collectivité territoriale française qui a en charge les écoles primaires ? Commune
41%
Quel journal Jean Jaurès a-t-il fondé ? Humanité
38%
Quelle maladie a touché Haïti en octobre 2010 ? Choléra
28%
Qui est l’auteur de la saga "Les Rois Maudits" ? Maurice Druon
15%
Aucun quiz correspondant
Distribution des résultats
% des personnes avec chaque résultat
Percentile par nombre de réponses
Votre historique - résultats
Vous n’avez pas pris ce quiz